| 000 | 00872nas a2200265 4500 | ||
|---|---|---|---|
| 001 | BR2012009587 | ||
| 003 | BR-BrBNA | ||
| 005 | 20231205121709.0 | ||
| 007 | ta | ||
| 008 | 230509b bl.|||p| |||| 00| 00por d | ||
| 040 |
_aBR-BrBNA _bpor _cBiblioteca Nacional de Agricultura |
||
| 041 | _a(Pt) | ||
| 072 | _aP34; Q70 | ||
| 100 | 1 | _aAlmeida, A. de | |
| 100 | 1 | _aCorreia, M.E.F. | |
| 245 | 1 | _aEfeito de restos da cultura do abacaxizeiro e de agrobio na fauna do solo | |
| 650 | _aANANAS COMOSUS | ||
| 650 | _aBIOFERTILIZANTE | ||
| 650 | _aRESÍDUO ORGÂNICO | ||
| 650 | _aARTROPODA | ||
| 773 | 0 |
_tCiência e Agrotecnologia (Brazil) _xISSN 1413-7054 _g(2010), v.34(Ed. Especial) p. 1610-1616 _wBR2012009587 |
|
| 856 | 4 | 0 | _uhttp://www.cloud.editora.ufla.br/revistas/cienagro/pdf/34-E-2010_04.pdf |
| 909 |
_a202311 _bLúcia _c55 _dLúcia Elande |
||
| 942 |
_2AGRIS _n0 _cANA |
||
| 999 |
_c224776 _d224776 |
||